Quality Concrete (Record no. 548574)
[ view plain ]
| 000 -LEADER | |
|---|---|
| fixed length control field | 00411nam a22001457a 4500 |
| 082 ## - DEWEY DECIMAL CLASSIFICATION NUMBER | |
| Classification number | 666.893 |
| Author Mark | QUA |
| -- | L-19, P-21 |
| 100 ## - MAIN ENTRY--PERSONAL NAME | |
| Personal name | THE CONCRETE ASSOCIATION OF INDIA |
| 9 (RLIN) | 43859 |
| 245 ## - TITLE STATEMENT | |
| Title | Quality Concrete |
| 250 ## - EDITION STATEMENT | |
| Edition statement | 1951 |
| 260 ## - PUBLICATION, DISTRIBUTION, ETC. | |
| Place of publication, distribution, etc. | Bombay, India |
| Name of publisher, distributor, etc. | Shyam Sunder Lal at the Times India Press |
| Date of publication, distribution, etc. | 1951 |
| 300 ## - PHYSICAL DESCRIPTION | |
| Extent | 218 P, : |
| 526 ## - STUDY PROGRAM INFORMATION NOTE | |
| Program name | 0 |
| Interest level | 0 |
| Reading level | 0 |
| Title point value | 666_893000000000000_QUA |
| 650 ## - SUBJECT ADDED ENTRY--TOPICAL TERM | |
| Topical term or geographic name entry element | MCE |
| 9 (RLIN) | 379 |
| 942 ## - ADDED ENTRY ELEMENTS (KOHA) | |
| Source of classification or shelving scheme | |
| Koha item type | Book |
| Withdrawn status | Lost status | Source of classification or shelving scheme | Damaged status | Not for loan | Permanent Location | Current Location | Date acquired | Total Checkouts | Full call number | Barcode | Date last seen | Price effective from | Koha item type |
|---|---|---|---|---|---|---|---|---|---|---|---|---|---|
| Military College of Engineering (MCE) | Military College of Engineering (MCE) | 09/01/2014 | 666.893 QUA | MCE-29992 | 09/01/2014 | 09/01/2014 | Book |
